| 000 | 00744nam a2200217 a 4500 | ||
|---|---|---|---|
| 005 | 20210223125553.0 | ||
| 008 | 050121s1994 mx r 000 0 spa d | ||
| 020 | _a9506412014 | ||
| 035 | _aUPN01000137073 | ||
| 049 | _aCG | ||
| 050 | 4 |
_aHG4028 P7 _bO4.2 |
|
| 100 | 1 | _aOlenick, Arnold J. | |
| 245 | 1 | 0 |
_aCómo gestionar las finanzas para obtener beneficios : _btodo lo que un manager debe saber sobre el manejo financiero de su organización / _cArnold J. Olenick ; tr. Alejandro G. Tiscornia. |
| 260 |
_aBarcelona, Esp. : _bGranica, _c1994. |
||
| 300 | _a357 p. | ||
| 440 | 0 | _aManagement | |
| 534 |
_pTraducción de: _tManaging to have profits |
||
| 650 | 4 | _aGANANCIAS | |
| 650 | 4 |
_aCONTABILIDAD ADMINISTRATIVA _99186 |
|
| 905 | _aLibro | ||
| 999 |
_c109224 _d109224 |
||